James Byrne
Bristol A
Categories
Other | 0 | 3 | 0 | 0 | 30 | 86 | 106.00 | 0 | 1 |
Science - Other Science | 0 | 2 | 0 | 0 | 20 | 55 | 75.50 | 1 | 1 |
Science - Chemistry | 0 | 2 | 1 | 1 | 15 | 100 | 115.00 | 0 | 0 |
History - Other History | 0 | 2 | 1 | 0 | 15 | 77 | 103.50 | 0 | 1 |
Science - Physics | 0 | 2 | 2 | 1 | 10 | 61 | 93.00 | 0 | 1 |
History - World History | 0 | 1 | 0 | 0 | 10 | 77 | 77.00 | 0 | 1 |
Literature - World Literature | 0 | 1 | 0 | 0 | 10 | 137 | 137.00 | 0 | 0 |
Philosophy | 0 | 1 | 0 | 0 | 10 | 119 | 119.00 | 0 | 0 |
Fine Arts - Painting & Sculpture | 0 | 1 | 0 | 1 | 10 | 132 | 132.00 | 0 | 0 |
Literature - British Literature | 0 | 0 | 0 | 0 | 0 | 0.00 | 0 | 0 | |
Religion | 0 | 0 | 0 | 0 | 0 | 0.00 | 0 | 0 | |
Literature - American Literature | 0 | 0 | 1 | 0 | -5 | 0.00 | 0 | 0 |